Top 10 meilleurs animes finis selon MyAnimeList - Statistiques

Statistiques générales
  • Ce quiz a été pris 92 fois
  • Le résultat moyen est 3 sur 10
Statistiques - réponses
N. Anime % Correct
1 Fullmetal Alchemist Brotherhood
60%
7 Code Geass
42%
3 Gintama
42%
2 Steins;Gate
40%
8 Monster
38%
5 Fruit Basket
19%
9 Mob Psycho
16%
6 Clannad
12%
10 Monogatari
10%
4 Ginga Eiyuu Densetsu
5%
Aucun quiz correspondant
Distribution des résultats
% des personnes avec chaque résultat
Percentile par nombre de réponses
Votre historique - résultats
Vous n’avez pas pris ce quiz